Statistiques concernant Chien ou chat ?

Cliquez ici pour prendre le quiz!

Statistiques générales

  • Ce quiz a été pris 1 472 fois
  • Le résultat moyen est 12 sur 15

Statistiques - réponses

QuestionRéponse% Correct
Sphynx ?Chat
98%
Golden retriever ?Chien
98%
Teckel ?Chien
97%
Maine Coon ?Chat
91%
Cavalier king charles ?Chien
90%
Chartreux ?Chat
89%
Bengal ?Chat
89%
Pékinois ?Chien
89%
Terre-neuve ?Chien
89%
Carlin ?Chien
87%
Shih tzu ?Chien
82%
Himalayen ?Chat
76%
Sibérien ?Chat
60%
Munchkin ?Chat
56%
Whippet ?Chien
46%

Distribution des résultats

Percentile par nombre de réponses

% des personnes avec chaque résultat

Votre développement - résultats

Vous n’avez pas pris ce quiz